| 000 | 00327nam a22001217a 4500 | ||
|---|---|---|---|
| 082 | _a382.021 | ||
| 100 | _aState Bank of Pakistan | ||
| 245 |
_aHandbook of statistics on Pakistan economy _cState Bank of Pakistan |
||
| 260 |
_aKarachi _bStatistics Deptt SBP _c2005 |
||
| 300 | _a535p | ||
| 563 | _aP.B | ||
| 942 |
_2ddc _cBK |
||
| 999 |
_c588697 _d588697 |
||